000 00491nam a2200181Ia 4500
008 100921s9999 xx 000 0 und d
082 _b12188
_a823 थ 55
100 _aAnand MulkRaj.
245 _aSelected Stories.
260 _b---
_c1955
300 _a158
_b---
365 _b0
520 _aललित इंग्रजी कथा.
630 _aSelected Stories.
650 _aललित इंग्रजी कथा.
730 _aSelected Stories.
942 _cBOOK
999 _c761301
_d761298